Knute Rockne's career. (Record no. 16796)
[ view plain ]
| 000 -LEADER | |
|---|---|
| fixed length control field | 00706cam a22002051 4500 |
| 001 - CONTROL NUMBER | |
| control field | ca 31000335 |
| 003 - CONTROL NUMBER IDENTIFIER | |
| control field | DLC |
| 005 - DATE AND TIME OF LATEST TRANSACTION | |
| control field | 20260227111125.0 |
| 008 - FIXED-LENGTH DATA ELEMENTS--GENERAL INFORMATION | |
| fixed length control field | 811013s1931 mnuac 000 0beng |
| 010 ## - LIBRARY OF CONGRESS CONTROL NUMBER | |
| LC control number | ca 31000335 |
| 035 ## - SYSTEM CONTROL NUMBER | |
| System control number | (OCoLC)7841538 |
| 040 ## - CATALOGING SOURCE | |
| Original cataloging agency | DLC |
| Transcribing agency | MnNS |
| Modifying agency | DLC |
| 050 00 - LIBRARY OF CONGRESS CALL NUMBER | |
| Classification number | GV939.R6 |
| Item number | K6 |
| 082 00 - DEWEY DECIMAL CLASSIFICATION NUMBER | |
| Classification number | 796.332/092 |
| -- | B |
| 245 00 - TITLE STATEMENT | |
| Title | Knute Rockne's career. |
| 250 ## - EDITION STATEMENT | |
| Edition statement | Complete library size ed. |
| Remainder of edition statement | on the life, the stars, the plays, methods, strategies, wit and triumphs of the greatest football coach of all time: Knute Rockne. |
| 260 ## - PUBLICATION, DISTRIBUTION, ETC. | |
| Place of publication, distribution, etc. | Minneapolis, Minn., |
| Name of publisher, distributor, etc. | Modern magazines, inc., |
| Date of publication, distribution, etc. | 1931. |
| 300 ## - PHYSICAL DESCRIPTION | |
| Extent | 64 p. |
| Other physical details | illus. (incl. ports.) |
| Dimensions | 23 cm. |
| 600 10 - SUBJECT ADDED ENTRY--PERSONAL NAME | |
| Personal name | Rockne, Knute, |
| Dates associated with a name | 1888-1931. |
No items available.